000 00637nam a2200241Ia 4500
003 OSt
005 20221007072631.0
006 a|||||r|||| 00| 0
007 ta
008 221006b |||||||| |||| 00| 0 eng d
024 _a25,920
037 _cTextual
040 _aFLL
_cFLL
_beng
041 _2eng
_aeng
082 _aZ3:2:4ey6, H6
100 _aGarsia Marston
_9690720
245 0 _aLaw relating to conveyancing
250 _a2nd
260 _aLondon
_bSweet & Maxwell Ltd. London
_c1946
300 _aviii,1-166p
_ccm.
942 _hZ3:2:4ey6, H6
_cTEXL
_2CC
999 _c1146601
_d1146601